[Event "URS-chT U20"]
[Site "Moscow "]
[Date "1977.07.??"]
[Round "?"]
[White "Dolmatov, Sergey"]
[Black "Yermolinsky, Alex"]
[Result "1-0"]
[WhiteElo "2480"]
[BlackElo "2470"]
[PlyCount "67"]
[EventDate "1977.07.??"]
[EventType "team-tourn"]
[EventRounds "9"]
[EventCountry "URS"]
[SourceTitle "EXT 2010"]
[Source "ChessBase"]
[SourceDate "2009.11.30"]
[SourceVersion "1"]
[SourceVersionDate "2009.11.30"]
[SourceQuality "1"]

1. e4 c5 2. Nf3 d6 3. d4 cxd4 4. Qxd4 a6 5. Be3 Nc6 6. Qd2 Nf6 7. Nc3 e6 8.
O-O-O b5 9. e5 dxe5 10. Qxd8+ Nxd8 11. Nxb5 axb5 12. Bxb5+ Bd7 13. Rxd7 Nxd7
14. Rd1 Ra5 15. Bxd7+ Ke7 16. Bb6 (16. c4) 16... Rd5 17. Rxd5 exd5 18. Nxe5 Kd6
19. Bxd8 Kxe5 20. Bb6 Kd6 21. Bb5 g5 22. a4 $36 {[%csl Ga4,Gb2,Gc2]} Bg7 23. c3
f5 24. Kc2 h5 25. a5 Rb8 26. b3 Be5 27. a6 Bxh2 28. a7 Ra8 29. c4 dxc4 30. bxc4
h4 31. Kd3 Bg1 32. c5+ Kd5 33. Bd7 Bxf2 34. Bxf5 1-0

[Event "URS-chT U20"]
[Site "Moscow "]
[Date "1977.07.??"]
[Round "?"]
[White "Zaid, Leonid"]
[Black "Dolmatov, Sergey"]
[Result "1-0"]
[WhiteElo "2400"]
[BlackElo "2480"]
[PlyCount "57"]
[EventDate "1977.07.??"]
[EventType "team-tourn"]
[EventRounds "9"]
[EventCountry "URS"]
[SourceTitle "EXT 2010"]
[Source "ChessBase"]
[SourceDate "2009.11.30"]
[SourceVersion "1"]
[SourceVersionDate "2009.11.30"]
[SourceQuality "1"]

1. d4 c5 2. d5 e5 $6 {La défense vieille indienne n'a pas trés bonne
réputation théorique} 3. c4 (3. Nc3 $142 $1 {[%csl Gc4][%cal Gg1f3,Gf3d2,Gd2c4]
}) 3... d6 4. e4 Be7 {[%cal Ge7g5]} 5. Nf3 (5. Nc3 $6 Bg5 $1 $11) 5... Bg4 {
[%cal Gg4f3,Ge7g5]} 6. h3 $6 $146 (6. Nc3) (6. Be2) (6. Nbd2 $5 {Kasparov,G 
(2595)-Torre,E (2520) Baku 1980 (5) 1-0}) 6... Bxf3 $1 7. Qxf3 Bg5 8. Bxg5 Qxg5
9. Nc3 Qd8 10. Qg3 {[%csl Rg7]} Kf8 11. h4 h5 12. Qg5 Nf6 13. g3 $1 {[%cal
Gf1h3]} Nbd7 14. Bh3 $14 a6 15. O-O Rb8 16. a4 $16 {les noirs sont privés de
contre-jeu} Rh6 17. Bf5 {[%csl Rg6]} Ng8 18. a5 Ne7 19. Rfb1 $5 Nxf5 20. exf5
Qxg5 $6 21. hxg5 Rh8 22. Ne4 $36 {[%csl Rd6,Ge4]} Ke7 23. b4 Rhc8 24. b5 f6 25.
g6 {[%csl Gf7,Rg7,Rh5][%cal Gg1g2,Gb1h1]} axb5 26. Rxb5 Rc7 27. Kg2 b6 28. axb6
Rxb6 $4 29. Ra8 {[%csl Re7]} 1-0

[Event "Karseladze Memorial"]
[Site "Kutansi"]
[Date "1978.??.??"]
[Round "?"]
[White "Dolmatov, Sergey"]
[Black "Gufeld, Eduard"]
[Result "1/2-1/2"]
[WhiteElo "2495"]
[BlackElo "2525"]
[PlyCount "46"]
[EventDate "1978.??.??"]
[EventType "tourn"]
[EventRounds "13"]
[EventCountry "URS"]
[EventCategory "6"]
[SourceTitle "EXT 2002"]
[Source "ChessBase"]
[SourceDate "2001.11.25"]
[SourceVersion "1"]
[SourceVersionDate "2001.11.25"]
[SourceQuality "1"]

1. e4 c5 2. Nf3 d6 3. d4 cxd4 4. Nxd4 Nf6 5. Nc3 g6 6. Be2 Bg7 7. O-O O-O 8.
Bg5 Nc6 9. Nb3 a6 10. a4 Be6 11. f4 Na5 12. Kh1 Rc8 13. f5 Bxb3 14. cxb3 Rxc3
15. bxc3 Nxe4 16. f6 exf6 17. Bf4 Nxc3 18. Qd3 f5 19. Bf3 Nxb3 20. Ra3 Nc5 21.
Qxd6 N3xa4 22. Bd5 Re8 23. Qxd8 Rxd8 1/2-1/2

[Event "Karseladze Memorial"]
[Site "Kutansi"]
[Date "1978.??.??"]
[Round "?"]
[White "Dolmatov, Sergey"]
[Black "Lutikov, Anatoly"]
[Result "1/2-1/2"]
[WhiteElo "2495"]
[BlackElo "2540"]
[PlyCount "110"]
[EventDate "1978.??.??"]
[EventType "tourn"]
[EventRounds "13"]
[EventCountry "URS"]
[EventCategory "6"]
[SourceTitle "EXT 2002"]
[Source "ChessBase"]
[SourceDate "2001.11.25"]
[SourceVersion "1"]
[SourceVersionDate "2001.11.25"]
[SourceQuality "1"]

1. e4 c5 2. Nf3 d6 3. d4 cxd4 4. Nxd4 Nf6 5. Nc3 a6 6. f4 Qc7 7. Be2 g6 8. g4
h6 9. Bf3 Nc6 10. Nb3 Bg7 11. Be3 g5 12. Qe2 gxf4 13. Bxf4 Nd7 14. Nd5 Qd8 15.
O-O-O Nce5 16. Be3 b5 17. Kb1 Nc4 18. Bd4 Be5 19. h4 Bb7 20. c3 e6 21. Ne3 Qc7
22. g5 Nxe3 23. Qxe3 hxg5 24. hxg5 O-O-O 25. Rh6 Kb8 26. Rdh1 Rhg8 27. Rh7 Bxd4
28. cxd4 Nf8 29. R7h6 Rc8 30. a3 Nd7 31. Rc1 Qd8 32. Rf1 Rg7 33. Qf4 Qb6 34.
Rc1 Rxc1+ 35. Kxc1 Ka7 36. Kb1 a5 37. Qd2 b4 38. axb4 Qxb4 39. Qe3 Qb6 40. Rh1
Ne5 41. Nd2 Nc6 42. e5 dxe5 43. Bxc6 Bxc6 44. Rc1 Rg8 45. Qxe5 Rb8 46. Nc4 Qb5
47. Qxb5 Bxb5 48. Ne5 Rd8 49. Rd1 Rg8 50. Nxf7 Rg7 51. Nd8 Rxg5 52. Nxe6 Rg3
53. Nc5 a4 54. Kc2 Kb6 55. Ra1 Ka5 1/2-1/2

[Event "Karseladze Memorial"]
[Site "Kutansi"]
[Date "1978.??.??"]
[Round "?"]
[White "Dolmatov, Sergey"]
[Black "Sturua, Zurab"]
[Result "1-0"]
[WhiteElo "2495"]
[BlackElo "2395"]
[PlyCount "110"]
[EventDate "1978.??.??"]
[EventType "tourn"]
[EventRounds "13"]
[EventCountry "URS"]
[EventCategory "6"]
[SourceTitle "EXT 2002"]
[Source "ChessBase"]
[SourceDate "2001.11.25"]
[SourceVersion "1"]
[SourceVersionDate "2001.11.25"]
[SourceQuality "1"]

1. e4 c5 2. Nf3 Nc6 3. Bb5 g6 4. O-O Bg7 5. c3 Nf6 6. Re1 O-O 7. d4 cxd4 8.
cxd4 d5 9. e5 Ne4 10. Nc3 Bf5 11. Bd3 Nxc3 12. bxc3 Qd7 13. a4 Na5 14. Ba3 Bxd3
15. Qxd3 Nc4 16. a5 Nxa5 17. Bxe7 Qxe7 18. Rxa5 Rfd8 19. c4 dxc4 20. Qxc4 a6
21. d5 b5 22. Qa2 Qb7 23. d6 b4 24. Qb3 Qb6 25. Rea1 Ra7 26. h4 h6 27. R1a4 Rb8
28. Kh2 Kh8 29. Qc4 b3 30. Rxa6 Rxa6 31. Rxa6 Qb7 32. Ra1 b2 33. Rb1 Kh7 34.
Qd4 Kg8 35. d7 Rd8 36. Rxb2 Qxd7 37. Qxd7 Rxd7 38. Rb8+ Bf8 39. h5 Kg7 40. hxg6
fxg6 41. Rc8 Be7 42. Kg3 Bd8 43. Rc6 Bc7 44. Kf4 Re7 45. Ke4 h5 46. Rc5 Bb6 47.
Rc2 Bc7 48. Rb2 g5 49. Rb5 Kg6 50. Nd4 h4 51. f3 Re8 52. Rc5 Bb8 53. Nf5 Re6
54. Rc6 Kf7 55. Rxe6 Kxe6 1-0

[Event "Karseladze Memorial"]
[Site "Kutansi"]
[Date "1978.??.??"]
[Round "?"]
[White "Kholmov, Ratmir"]
[Black "Dolmatov, Sergey"]
[Result "1/2-1/2"]
[WhiteElo "2540"]
[BlackElo "2495"]
[PlyCount "90"]
[EventDate "1978.??.??"]
[EventType "tourn"]
[EventRounds "13"]
[EventCountry "URS"]
[EventCategory "6"]
[SourceTitle "EXT 2002"]
[Source "ChessBase"]
[SourceDate "2001.11.25"]
[SourceVersion "1"]
[SourceVersionDate "2001.11.25"]
[SourceQuality "1"]

1. e4 c5 2. Nf3 e6 3. Nc3 Nc6 4. Bb5 Nd4 5. Bd3 Ne7 6. Nxd4 cxd4 7. Ne2 Nc6 8.
O-O Be7 9. c3 dxc3 10. dxc3 O-O 11. Be3 Ne5 12. Bc2 b5 13. b3 Qc7 14. h3 Bb7
15. f4 Ng6 16. Qd2 f5 17. Nd4 fxe4 18. Nxb5 Qc6 19. Nd4 Qd6 20. Rad1 e5 21.
fxe5 Qxe5 22. Ne2 d5 23. Bd4 Qe6 24. Nf4 Nxf4 25. Rxf4 a5 26. Rdf1 Ba6 27.
Rxf8+ Bxf8 28. Rd1 Be7 29. Qe3 Qf5 30. c4 Bg5 31. Qe1 Bb7 32. cxd5 Bxd5 33. Qf2
Qxf2+ 34. Bxf2 Bb7 35. Re1 Re8 36. Be3 Bh4 37. Rc1 Bg3 38. Bd1 Ba6 39. Bg4 g6
40. Bd7 Re7 41. Bc6 h5 42. Bd5+ Kg7 43. Bc4 Bxc4 44. bxc4 Rd7 45. Kf1 Rd3
1/2-1/2

[Event "Sochi YM"]
[Site "Sochi"]
[Date "1978.??.??"]
[Round "?"]
[White "Psakhis, Lev"]
[Black "Dolmatov, Sergey"]
[Result "0-1"]
[WhiteElo "2480"]
[BlackElo "2495"]
[PlyCount "74"]
[EventDate "1978.??.??"]
[EventType "tourn"]
[EventRounds "14"]
[EventCountry "URS"]
[SourceTitle "EXT 2002"]
[Source "ChessBase"]
[SourceDate "2001.11.25"]
[SourceVersion "1"]
[SourceVersionDate "2001.11.25"]
[SourceQuality "1"]

1. e4 c5 2. Nf3 e6 3. Nc3 Nc6 4. Bb5 Nd4 5. a4 Ne7 6. Nxd4 cxd4 7. Ne2 a6 8.
Bc4 d5 9. exd5 Nxd5 10. O-O Bc5 11. d3 O-O 12. Ng3 b6 13. Nh5 Nf6 14. Qf3 Ra7
15. Bg5 Be7 16. Bxf6 Bxf6 17. Qg3 Kh8 18. Nxf6 gxf6 19. Rfe1 Rg8 20. Qh4 Rd7
21. Re4 f5 22. Qxd8 Rdxd8 23. Ree1 Bb7 24. g3 h5 25. h4 Kh7 26. Kh2 f4 27. Ra3
Rg6 28. Rb3 Rd6 29. Re5 fxg3+ 30. fxg3 Kh6 31. c3 Rf6 32. Kg1 Rf3 33. Rg5 e5
34. Rxe5 Rdf6 35. Re1 Rxg3+ 36. Kh2 Rg2+ 37. Kh3 Rfg6 0-1

[Event "URS-ch U26"]
[Site "Vilnius"]
[Date "1978.??.??"]
[Round "1"]
[White "Zaichik, Gennadi"]
[Black "Dolmatov, Sergey"]
[Result "0-1"]
[WhiteElo "2470"]
[BlackElo "2495"]
[PlyCount "79"]
[EventDate "1978.??.??"]
[EventType "tourn"]
[EventRounds "15"]
[EventCountry "URS"]
[EventCategory "7"]
[SourceTitle "MCL"]
[Source "ChessBase"]
[SourceDate "1999.07.01"]
[SourceVersion "1"]
[SourceVersionDate "1999.07.01"]
[SourceQuality "1"]

1. g3 d5 2. Bg2 Nf6 3. d3 c6 4. Nd2 e5 5. e4 Bd6 6. Ngf3 O-O 7. O-O Bg4 8. h3
Bh5 9. g4 Bg6 10. Nh4 Nbd7 11. Nf5 Bxf5 12. exf5 g6 13. c4 Re8 14. cxd5 cxd5
15. g5 Nh5 16. Nb3 Nb6 17. a4 a5 18. Be3 Bb4 19. Bf3 Nf4 20. Bxf4 exf4 21. h4
h6 22. Kg2 hxg5 23. fxg6 f5 24. Nd4 Qf6 25. Nb5 Re7 26. Qb3 Rd8 27. Nc3 Red7
28. Ne4 fxe4 29. dxe4 Nc4 30. Rad1 Nd2 31. Rxd2 Bxd2 32. exd5 Kg7 33. h5 Kh6
34. Rd1 Bb4 35. Qd3 Qxb2 36. Qf5 Bc5 37. Rf1 Re7 38. Kh3 Qe5 39. Qc2 Rxd5 40.
Bg4 0-1

[Event "URS-ch U26"]
[Site "Vilnius"]
[Date "1978.??.??"]
[Round "6"]
[White "Yurtaev, Leonid"]
[Black "Dolmatov, Sergey"]
[Result "1/2-1/2"]
[WhiteElo "2375"]
[BlackElo "2495"]
[PlyCount "122"]
[EventDate "1978.??.??"]
[EventType "tourn"]
[EventRounds "15"]
[EventCountry "URS"]
[EventCategory "7"]
[SourceTitle "MCL"]
[Source "ChessBase"]
[SourceDate "1999.07.01"]
[SourceVersion "1"]
[SourceVersionDate "1999.07.01"]
[SourceQuality "1"]

1. e4 c5 2. Nf3 e6 3. c3 d5 4. exd5 Qxd5 5. Be2 Nf6 6. O-O Be7 7. d4 O-O 8. Be3
cxd4 9. cxd4 Nc6 10. Nc3 Qd6 11. Rc1 a6 12. Bd3 Nb4 13. Bb1 b6 14. Ne4 Nxe4 15.
Bxe4 Nd5 16. Ne5 Bb7 17. Qd3 f5 18. Bf3 Bf6 19. Nc4 Qd8 20. Bd2 Rc8 21. Rfe1
Re8 22. Rc2 a5 23. Ne5 Rxc2 24. Qxc2 Bxe5 25. Rxe5 Nb4 26. Bxb4 Bxf3 27. gxf3
axb4 28. Qc6 Kf7 29. d5 exd5 30. Rxf5+ Kg8 31. Qxd5+ Qxd5 32. Rxd5 Re2 33. b3
Rxa2 34. Rb5 Rd2 35. Rxb6 Rd4 36. Rb7 h6 37. Kg2 Kh7 38. Kg3 Kg6 39. Re7 Rd3
40. Re3 Rc3 41. Kf4 Rc2 42. Re4 Rxf2 43. Kg3 Rb2 44. Rxb4 Kf5 45. h4 h5 46.
Rf4+ Ke6 47. Rb4 Kf5 48. Rb5+ Kg6 49. Kf4 Rh2 50. Rb6+ Kh7 51. Kg3 Rd2 52. Rb4
Kg6 53. Rc4 Rb2 54. b4 Kf5 55. Rc5+ Kf6 56. b5 g6 57. Rc6+ Kf5 58. b6 Rb5 59.
f4 Rb3+ 60. Kf2 Kxf4 61. Rxg6 Kf5 1/2-1/2

[Event "URS-ch U26"]
[Site "Vilnius"]
[Date "1978.??.??"]
[Round "7"]
[White "Dolmatov, Sergey"]
[Black "Kharitonov, Andrei"]
[Result "1/2-1/2"]
[WhiteElo "2495"]
[BlackElo "2435"]
[PlyCount "48"]
[EventDate "1978.??.??"]
[EventType "tourn"]
[EventRounds "15"]
[EventCountry "URS"]
[EventCategory "7"]
[SourceTitle "MCL"]
[Source "ChessBase"]
[SourceDate "1999.07.01"]
[SourceVersion "1"]
[SourceVersionDate "1999.07.01"]
[SourceQuality "1"]

1. e4 c6 2. d3 d5 3. g3 e5 4. Nd2 dxe4 5. dxe4 Nf6 6. Ngf3 Nbd7 7. Bg2 Be7 8.
O-O O-O 9. b3 Qc7 10. Bb2 Re8 11. a3 a5 12. h3 Bf8 13. Re1 b5 14. Bf1 Bc5 15.
Bc3 Nf8 16. b4 Bb6 17. bxa5 Bxa5 18. Bxa5 Rxa5 19. c4 Qa7 20. cxb5 cxb5 21. a4
Rxa4 22. Bxb5 Rxa1 23. Qxa1 Qxa1 24. Rxa1 Bd7 1/2-1/2

[Event "URS-ch U26"]
[Site "Vilnius"]
[Date "1978.??.??"]
[Round "10"]
[White "Mikhalchishin, Adrian"]
[Black "Dolmatov, Sergey"]
[Result "1-0"]
[WhiteElo "2460"]
[BlackElo "2495"]
[PlyCount "43"]
[EventDate "1978.??.??"]
[EventType "tourn"]
[EventRounds "15"]
[EventCountry "URS"]
[EventCategory "7"]
[SourceTitle "MCL"]
[Source "ChessBase"]
[SourceDate "1999.07.01"]
[SourceVersion "1"]
[SourceVersionDate "1999.07.01"]
[SourceQuality "1"]

1. Nf3 d5 2. d4 e6 3. c4 Nf6 4. Nc3 Bb4 5. cxd5 exd5 6. Bg5 h6 7. Bh4 c5 8. e3
Nc6 9. Bb5 g5 10. Bg3 Ne4 11. O-O Bxc3 12. bxc3 O-O 13. Bxc6 bxc6 14. dxc5 Nxc5
15. Ne5 Ba6 16. Nxc6 Qd7 17. Nb4 Bxf1 18. Nxd5 Qe6 19. Kxf1 Rad8 20. c4 Ne4 21.
Qd4 Rc8 22. Qxe4 1-0

[Event "URS-ch U26"]
[Site "Vilnius"]
[Date "1978.??.??"]
[Round "13"]
[White "Dolmatov, Sergey"]
[Black "Machulsky, Anatoly"]
[Result "1-0"]
[WhiteElo "2495"]
[BlackElo "2350"]
[PlyCount "157"]
[EventDate "1978.??.??"]
[EventType "tourn"]
[EventRounds "15"]
[EventCountry "URS"]
[EventCategory "7"]
[SourceTitle "MCL"]
[Source "ChessBase"]
[SourceDate "1999.07.01"]
[SourceVersion "1"]
[SourceVersionDate "1999.07.01"]
[SourceQuality "1"]

1. e4 c6 2. Nc3 d5 3. Qf3 dxe4 4. Nxe4 Nd7 5. d4 Ndf6 6. c3 Nxe4 7. Qxe4 Qd5 8.
Qxd5 cxd5 9. Nf3 a6 10. Ne5 Nf6 11. Bd3 g6 12. a4 Bf5 13. a5 Nd7 14. Nxd7 Bxd7
15. Bf4 e6 16. h4 Be7 17. Kd2 Bb5 18. f3 Bxd3 19. Kxd3 h5 20. Bg5 Kd7 21. Bxe7
Kxe7 22. Ra4 Rac8 23. Rb4 Rc7 24. Rb6 Rd8 25. g4 Rh8 26. Ke3 Kf6 27. Kf4 hxg4
28. fxg4 Rxh4 29. Rxh4 g5+ 30. Kg3 gxh4+ 31. Kxh4 Kg6 32. Kg3 Rd7 33. Kf4 Kf6
34. g5+ Kg7 35. Kg3 Kh7 36. Kh4 Kg6 37. Kg4 Kh7 38. Kh5 Kg7 39. Rb4 Rc7 40. Ra4
Rc6 41. Rb4 Rc7 42. Kg4 Kg6 43. Rb3 Re7 44. Rb4 Rc7 45. Ra4 Rc6 46. Rb4 Rc7 47.
Kf4 Rd7 48. Ra4 Rd6 49. Ra1 Rc6 50. Ke5 b5 51. Rf1 Rc7 52. Kd6 Rc8 53. Rf6+ Kg7
54. Rf3 b4 55. cxb4 Rb8 56. Rb3 Rb5 57. Ke5 Kg6 58. Rf3 Rb7 59. Rf6+ Kxg5 60.
b5 Rxb5 61. Rxf7 Rxa5 62. Rg7+ Kh6 63. Rb7 Kg5 64. Kxe6 Kf4 65. b4 Ra4 66. Kxd5
a5 67. b5 Ke3 68. Kc5 Rxd4 69. Kb6 Rh4 70. Kxa5 Kd4 71. Rc7 Kd5 72. b6 Kd6 73.
Rc1 Rh2 74. b7 Rb2 75. Ka6 Ra2+ 76. Kb6 Rb2+ 77. Ka7 Ra2+ 78. Kb8 Rh2 79. Ra1
1-0

[Event "URS-ch U26"]
[Site "Vilnius"]
[Date "1978.??.??"]
[Round "14"]
[White "Chekhov, Valery"]
[Black "Dolmatov, Sergey"]
[Result "0-1"]
[WhiteElo "2470"]
[BlackElo "2495"]
[PlyCount "94"]
[EventDate "1978.??.??"]
[EventType "tourn"]
[EventRounds "15"]
[EventCountry "URS"]
[EventCategory "7"]
[SourceTitle "MCL"]
[Source "ChessBase"]
[SourceDate "1999.07.01"]
[SourceVersion "1"]
[SourceVersionDate "1999.07.01"]
[SourceQuality "1"]

1. e4 c5 2. Nf3 e6 3. d4 cxd4 4. Nxd4 Nf6 5. Nc3 Nc6 6. Nxc6 bxc6 7. e5 Nd5 8.
Ne4 f5 9. exf6 Nxf6 10. Nd6+ Bxd6 11. Qxd6 Ba6 12. Bxa6 Qa5+ 13. Bd2 Qxa6 14.
Bb4 O-O-O 15. b3 e5 16. Qd3 Qxd3 17. cxd3 d6 18. O-O Nd5 19. Bd2 Rhf8 20. Rac1
Kd7 21. Rc4 Nf4 22. Bxf4 Rxf4 23. Rfc1 Rxc4 24. Rxc4 Kc7 25. f3 a5 26. Kf2 Rf8
27. Rh4 h6 28. Rg4 Rf7 29. Ke3 Kb6 30. d4 exd4+ 31. Kxd4 a4 32. bxa4 Ra7 33.
Kc3 d5 34. h4 h5 35. Rg5 Rxa4 36. Rxh5 Kc5 37. Rg5 Rxh4 38. Rxg7 Rc4+ 39. Kd3
Ra4 40. f4 Rxf4 41. g4 Ra4 42. g5 Rxa2 43. g6 Rg2 44. Rg8 Rg3+ 45. Ke2 Kd4 46.
g7 c5 47. Kf2 Rg6 0-1

[Event "URS-ch U26"]
[Site "Vilnius"]
[Date "1978.??.??"]
[Round "15"]
[White "Dolmatov, Sergey"]
[Black "Gavrikov, Viktor"]
[Result "1/2-1/2"]
[WhiteElo "2495"]
[BlackElo "2340"]
[PlyCount "74"]
[EventDate "1978.??.??"]
[EventType "tourn"]
[EventRounds "15"]
[EventCountry "URS"]
[EventCategory "7"]
[SourceTitle "MCL"]
[Source "ChessBase"]
[SourceDate "1999.07.01"]
[SourceVersion "1"]
[SourceVersionDate "1999.07.01"]
[SourceQuality "1"]

1. e4 c5 2. Nf3 e6 3. d4 cxd4 4. Nxd4 Nf6 5. Nc3 d6 6. g3 Be7 7. Bg2 a6 8. O-O
Qc7 9. f4 Nc6 10. Nb3 b5 11. a3 Rb8 12. Qe2 O-O 13. Be3 Re8 14. g4 Nd7 15. g5
Nb6 16. Rad1 Na4 17. Bc1 Nxc3 18. bxc3 Bb7 19. Rf3 Rbd8 20. Rh3 g6 21. c4 bxc4
22. Qxc4 Rc8 23. Bb2 Nb8 24. Qxc7 Rxc7 25. Rdd3 e5 26. fxe5 dxe5 27. Bxe5 Rxc2
28. Bf6 Rxg2+ 29. Kxg2 Bxe4+ 30. Kf2 Bxd3 31. Rxd3 Bxa3 32. Kf3 Nc6 33. Na5
Nxa5 34. Rxa3 Nc4 35. Rxa6 Nd2+ 36. Kf4 Ne4 37. Bd4 Nd2 1/2-1/2

[Event "Wch U20"]
[Site "Graz"]
[Date "1978.??.??"]
[Round "1"]
[White "Dolmatov, Sergey"]
[Black "Mokry, Karel"]
[Result "1-0"]
[WhiteElo "2495"]
[BlackElo "2310"]
[PlyCount "97"]
[EventDate "1978.09.??"]
[EventType "swiss"]
[EventRounds "13"]
[EventCountry "AUT"]
[SourceTitle "MCD"]
[Source "ChessBase"]
[SourceDate "1999.07.01"]
[SourceVersion "1"]
[SourceVersionDate "1999.07.01"]
[SourceQuality "1"]

1. e4 c5 2. Nf3 d6 3. d4 cxd4 4. Nxd4 Nf6 5. Nc3 a6 6. f4 e6 7. Be2 Be7 8. O-O
O-O 9. a4 Nc6 10. Be3 Qc7 11. Kh1 Bd7 12. Nb3 Nb4 13. a5 Bc6 14. Bf3 d5 15. e5
Nd7 16. Qe2 b5 17. Nd1 Bb7 18. c3 Nc6 19. Nf2 Bc8 20. Nd3 Rb8 21. Rfc1 f6 22.
exf6 Rxf6 23. Bf2 Nf8 24. Bb6 Qd7 25. Nd4 Bd6 26. g3 Bb7 27. Re1 Rc8 28. Bg4
Re8 29. Nxc6 Bxc6 30. Bd4 Rf7 31. Bh5 g6 32. Ne5 Qc7 33. Ng4 Nd7 34. Nh6+ Kf8
35. Nxf7 Kxf7 36. Bg4 Nf8 37. b4 Qe7 38. Ra2 Nd7 39. Qg2 Nf8 40. Rae2 Bd7 41.
Qh3 Kg8 42. Qh6 Qf7 43. Qg5 Qe7 44. Qh6 Qf7 45. f5 exf5 46. Rxe8 Bxe8 47. Bxf5
Bd7 48. Bxd7 Nxd7 49. Qe3 1-0

[Event "Wch U20"]
[Site "Graz"]
[Date "1978.??.??"]
[Round "2"]
[White "Khakpoor, Abbas"]
[Black "Dolmatov, Sergey"]
[Result "0-1"]
[WhiteElo "2200"]
[BlackElo "2495"]
[PlyCount "81"]
[EventDate "1978.09.??"]
[EventType "swiss"]
[EventRounds "13"]
[EventCountry "AUT"]
[SourceTitle "MCD"]
[Source "ChessBase"]
[SourceDate "1999.07.01"]
[SourceVersion "1"]
[SourceVersionDate "1999.07.01"]
[SourceQuality "1"]

1. e4 c5 2. c3 d5 3. exd5 Qxd5 4. d4 Nf6 5. Nf3 e6 6. Bd3 cxd4 7. cxd4 Be7 8.
Nc3 Qd6 9. O-O Nc6 10. Qe2 O-O 11. Rd1 Nb4 12. Bb1 Bd7 13. Bg5 Bc6 14. Ne5 Rad8
15. Bxf6 Bxf6 16. a3 Nd5 17. Ne4 Qc7 18. Qh5 g6 19. Nxf6+ Nxf6 20. Qg5 Kg7 21.
Nxc6 Qxc6 22. Ba2 Rd7 23. Rd3 Qb6 24. Qd2 Rfd8 25. Rd1 Qb5 26. h3 Kg8 27. Qb4
Qxb4 28. axb4 a6 29. Bc4 Nd5 30. b5 Nb6 31. Rc1 a5 32. b3 Rc7 33. Ra1 a4 34.
Rdd1 Nxc4 35. bxc4 Rxc4 36. Rd3 Rcxd4 37. Rxd4 Rxd4 38. Rc1 Rb4 39. Ra1 Kg7 40.
Kf1 Kf6 41. Ke2 0-1

[Event "Wch U20"]
[Site "Graz"]
[Date "1978.??.??"]
[Round "5"]
[White "Dolmatov, Sergey"]
[Black "Franzoni, Giancarlo"]
[Result "1-0"]
[WhiteElo "2495"]
[BlackElo "2200"]
[PlyCount "49"]
[EventDate "1978.09.??"]
[EventType "swiss"]
[EventRounds "13"]
[EventCountry "AUT"]
[SourceTitle "MCD"]
[Source "ChessBase"]
[SourceDate "1999.07.01"]
[SourceVersion "1"]
[SourceVersionDate "1999.07.01"]
[SourceQuality "1"]

1. e4 c5 2. Nf3 e6 3. d4 cxd4 4. Nxd4 Nf6 5. Nc3 Nc6 6. Be2 Bb4 7. O-O Bxc3 8.
bxc3 Nxe4 9. Bd3 Nxd4 10. cxd4 Nf6 11. Bg5 Qa5 12. f4 b6 13. Bxf6 gxf6 14. Qf3
Rb8 15. f5 Bb7 16. Be4 Bxe4 17. Qxe4 Qd5 18. Qh4 Rg8 19. Rf2 Rg5 20. c4 Qxc4
21. fxe6 dxe6 22. Qf4 Rb7 23. Rc1 Qd5 24. Qxf6 Re7 25. Qh8+ 1-0

[Event "Wch U20"]
[Site "Graz"]
[Date "1978.??.??"]
[Round "7"]
[White "Barbero, Gerardo F"]
[Black "Dolmatov, Sergey"]
[Result "0-1"]
[WhiteElo "2200"]
[BlackElo "2495"]
[PlyCount "84"]
[EventDate "1978.09.??"]
[EventType "swiss"]
[EventRounds "13"]
[EventCountry "AUT"]
[SourceTitle "MCD"]
[Source "ChessBase"]
[SourceDate "1999.07.01"]
[SourceVersion "1"]
[SourceVersionDate "1999.07.01"]
[SourceQuality "1"]

1. Nf3 Nf6 2. c4 c6 3. d4 d5 4. cxd5 cxd5 5. Nc3 Nc6 6. Bf4 Bf5 7. e3 e6 8. Bb5
Nd7 9. Rc1 Be7 10. O-O O-O 11. Na4 Rc8 12. a3 Qa5 13. Qb3 a6 14. Bxc6 bxc6 15.
Ne5 Nxe5 16. Bxe5 f6 17. Bg3 Bd3 18. Nb6 Bxf1 19. Nxc8 Rxc8 20. Qb7 Re8 21.
Kxf1 c5 22. dxc5 Qd2 23. Re1 Qd3+ 24. Kg1 Bxc5 25. Qc6 Qb5 26. Qxb5 axb5 27.
Rc1 Bf8 28. Rc6 Kf7 29. Kf1 Ra8 30. Rb6 b4 31. axb4 Ra4 32. Rb7+ Kg6 33. Bb8
Ra1+ 34. Ke2 Rb1 35. b5 Rxb2+ 36. Kf3 Bc5 37. Kg3 Rb3 38. Kh4 Kh6 39. Kg4 g5
40. g3 Kg6 41. Bc7 h5+ 42. Kf3 d4 0-1

[Event "Wch U20"]
[Site "Graz"]
[Date "1978.??.??"]
[Round "8"]
[White "Dolmatov, Sergey"]
[Black "Bjork, Carl Magnus"]
[Result "1/2-1/2"]
[WhiteElo "2495"]
[BlackElo "2200"]
[PlyCount "36"]
[EventDate "1978.09.??"]
[EventType "swiss"]
[EventRounds "13"]
[EventCountry "AUT"]
[SourceTitle "MCD"]
[Source "ChessBase"]
[SourceDate "1999.07.01"]
[SourceVersion "1"]
[SourceVersionDate "1999.07.01"]
[SourceQuality "1"]

1. e4 e6 2. d4 d5 3. Nd2 c5 4. exd5 exd5 5. Bb5+ Nc6 6. Ne2 Nf6 7. O-O Be7 8.
dxc5 Bxc5 9. Nb3 Be7 10. Ned4 Bd7 11. Bf4 O-O 12. Be2 Re8 13. c3 a6 14. Bf3 Ne4
15. Nc2 Be6 16. Nbd4 Bc5 17. Nxe6 Rxe6 18. Bxe4 Rxe4 1/2-1/2

[Event "Wch U20"]
[Site "Graz"]
[Date "1978.??.??"]
[Round "9"]
[White "Ristic, Nenad"]
[Black "Dolmatov, Sergey"]
[Result "0-1"]
[WhiteElo "2200"]
[BlackElo "2495"]
[PlyCount "54"]
[EventDate "1978.09.??"]
[EventType "swiss"]
[EventRounds "13"]
[EventCountry "AUT"]
[SourceTitle "MCD"]
[Source "ChessBase"]
[SourceDate "1999.07.01"]
[SourceVersion "1"]
[SourceVersionDate "1999.07.01"]
[SourceQuality "1"]

1. e4 c5 2. Nf3 e6 3. d4 cxd4 4. Nxd4 Nf6 5. Nc3 Nc6 6. Bf4 d6 7. Bg3 Be7 8.
Ndb5 e5 9. Nd5 Nxd5 10. exd5 Nb8 11. f4 a6 12. Na3 Nd7 13. fxe5 Nxe5 14. Bxe5
dxe5 15. Nc4 O-O 16. Qf3 e4 17. Qd1 b5 18. Ne5 Bb7 19. Nc6 Bxc6 20. dxc6 Qb6
21. Qd7 Rad8 22. Qh3 Qxc6 23. c3 Qd5 24. Qe3 Bg5 25. Qe2 Bd2+ 26. Kf2 Qc5+ 27.
Kg3 Rd3+ 0-1

[Event "Wch U20"]
[Site "Graz"]
[Date "1978.??.??"]
[Round "10"]
[White "Dolmatov, Sergey"]
[Black "Cordes, Hans Joerg"]
[Result "1-0"]
[WhiteElo "2495"]
[BlackElo "2200"]
[PlyCount "81"]
[EventDate "1978.09.??"]
[EventType "swiss"]
[EventRounds "13"]
[EventCountry "AUT"]
[SourceTitle "MCD"]
[Source "ChessBase"]
[SourceDate "1999.07.01"]
[SourceVersion "1"]
[SourceVersionDate "1999.07.01"]
[SourceQuality "1"]

1. e4 c6 2. d4 d5 3. exd5 cxd5 4. c4 Nf6 5. Nc3 e6 6. Nf3 Bb4 7. Bd3 O-O 8. O-O
dxc4 9. Bxc4 b6 10. Re1 Bb7 11. Bd3 Nbd7 12. a3 Bxc3 13. bxc3 Qc7 14. c4 Rac8
15. Bg5 Rfe8 16. Bh4 h6 17. Bg3 Qc6 18. a4 Red8 19. a5 Nf8 20. axb6 axb6 21.
Bh4 N8d7 22. Qb3 Ra8 23. Rab1 Qd6 24. Bg3 Qa3 25. Bf1 Rdc8 26. Ne5 Qf8 27. Qb5
Qd8 28. Bh4 g5 29. Bg3 Ra5 30. Qb4 Nxe5 31. Bxe5 Nd7 32. Bd6 Bc6 33. Be7 Qc7
34. Bd6 Qd8 35. Qd2 Rca8 36. Bb4 Ra2 37. Rb2 Ra1 38. Bc3 Nf6 39. f3 R8a3 40.
Rxa1 Rxa1 41. d5 1-0